书目信息 |
| 题名: |
阿瑟·米勒短篇小说集
|
|
| 作者: | 米勒 著 ;宋怡秋 译 | |
| 分册: | ||
| 出版信息: | 上海 上海译文出版社有限公司 2025.04 |
|
| 页数: | 367页 | |
| 开本: | 21cm | |
| 丛书名: | 阿瑟·米勒作品系列 | |
| 单 册: | ||
| 中图分类: | I712.45 | |
| 科图分类: | ||
| 主题词: | 短篇小说--美国--现代--小说集 | |
| 电子资源: | ||
| ISBN: | 978-7-5327-9782-0 | |
| 000 | 01320oam2 2200289 450 | |
| 001 | 01072940 | |
| 005 | 20251022145637.07 | |
| 010 | @a978-7-5327-9782-0@dCNY89.00 | |
| 100 | @a20250328d2025 em y0chiy0120 ea | |
| 101 | 1 | @achi@ceng |
| 102 | @aCN@b310000 | |
| 105 | @ay z 000ay | |
| 106 | @ar | |
| 200 | 1 | @a阿瑟·米勒短篇小说集@9e se · mi le duan pian xiao shuo ji@dPresence: collected stories@f(美)阿瑟·米勒(Arthur Miller)著@g宋怡秋译@zeng |
| 210 | @a上海@c上海译文出版社有限公司@d2025.04 | |
| 215 | @a367页@d21cm | |
| 225 | 2 | @a阿瑟·米勒作品系列 |
| 314 | @a阿瑟?米勒(1915-2005),美国当代伟大的剧作家之一,被誉为“美国戏剧的良心”。著有《推销员之死》《吉星高照的男人》《美国时钟》等多部戏剧。 | |
| 330 | @a阿瑟?米勒创作出了二十世纪伟大的戏剧,但他同时也是一位短篇小说大师。短篇小说集由三部分组成,包括米勒1967出版的短篇集《我不再需要你》,1995年出版的《其貌不扬女孩的一生》及其生前发表的最后一批短篇小说合集《存在》,共计16篇,是目前收录篇目最完整的一部集子。 | |
| 461 | 0 | @12001 @a阿瑟·米勒作品系列 |
| 510 | 1 | @aPresence : collected stories@zeng |
| 606 | 0 | @a短篇小说@y美国@z现代@j小说集 |
| 690 | @aI712.45@v5 | |
| 701 | 0 | @c(美)@a米勒@9mi le@c(Miller, Arthur@f1915-2005)@4著 |
| 702 | 0 | @a宋怡秋@9song yi qiu@4译 |
| 801 | 0 | @aCN@c20250911 |
| 905 | @a河南城建学院图书馆@dI712.45@eM656-2@ZM656-2@f1 | |
| 阿瑟·米勒短篇小说集=Presence: collected stories/(美)阿瑟·米勒(Arthur Miller)著/宋怡秋译.-上海:上海译文出版社有限公司,2025.04 |
| 367页;21cm.-(阿瑟·米勒作品系列) |
| ISBN 978-7-5327-9782-0:CNY89.00 |
| 阿瑟?米勒创作出了二十世纪伟大的戏剧,但他同时也是一位短篇小说大师。短篇小说集由三部分组成,包括米勒1967出版的短篇集《我不再需要你》,1995年出版的《其貌不扬女孩的一生》及其生前发表的最后一批短篇小说合集《存在》,共计16篇,是目前收录篇目最完整的一部集子。 |
| ● |
| 相关链接 |
|
|
|
正题名:阿瑟·米勒短篇小说集
索取号:I712.45/M656-2
 
预约/预借
| 序号 | 登录号 | 条形码 | 馆藏地/架位号 | 状态 | 备注 |
| 1 | 1635893 | 216358938 | 文学库116/116文学库 28排3列6层/ [索取号:I712.45/M656-2] | 在馆 |